| 000 | 00842nam a22002177a 4500 | ||
|---|---|---|---|
| 003 | UA-OsUOA | ||
| 001 | 70701 | ||
| 007 | ta | ||
| 008 | 20100913b un ||||| |||| 00| 0 ukr d | ||
| 100 | _aВертіль О. | ||
| 090 |
_a82 _bВ35 |
||
| 942 | _cSA | ||
| 040 |
_aUA-OsUOA _bukr _cUA-OsUOA _dUA-OsUOA |
||
| 245 | _a"Як добре те, що смерті не боюся..." Сумна дата. Чверть століття тому трагічно пішов з життя видатний український поет, публіцист, перекладач, член Української Гельсінської групи Василь Стус | ||
| 300 | _aС.4 | ||
| 955 | _a0 | ||
| 041 | _aukr | ||
| 080 | _a82 | ||
| 773 | 0 | _w70700 | |
| 650 | 7 |
_a82 Література. Літературознавство _2UDC |
|
| 999 |
_c356968 _d356968 |
||